02329cam a2200325 a 450000100090000000300040000900500170001300800410003001000170007101500190008801600180010702000310012502000280015603500240018404000420020805000230025008200140027308200180028724501030030526000590040830000340046744000480050150400640054950512380061365000290185165000480188070000320192870000220196070000210198215762708OSt20170124085853.0090604s2009 enka b 001 0 eng  a 2009021343 aGBA9811522bnb7 a0153512042Uk a9780754675761 (alk. paper) a0754675769 (alk. paper) a(OCoLC)ocn396175673 aDLCcDLCdUKMdBWKUKdYDXCPdCDXdDLC00aNX180.T4bI67 200900a700.122200a790.2028522200aInterfaces of performance /cedited by Maria Chatzichristodoulou, Janis Jefferies, Rachel Zerihan. aFarnham, England ;aBurlington, VT :bAshgate,cc2009. axvi, 216 p. :bill. ;c24 cm. 0aDigital research in the arts and humanities aIncludes bibliographical references (p. 203-210) and index.0 aCreative media : performance, invention, critique / Sarah Kember and Joanna Zylinska -- Environments, interactions and beings : the ecology of performativity and technics / Chris Salter -- Blurring the boundaries : performance, technology, and the artificial sublime : an interview with Ruth Gibson and Bruno Martelli, Igloo / Janis Jefferies with response from Steve Dixon -- ORLAN-vertigo/Self-touching-you / Simon Donger with response from Joanna Zylinska -- The path to silence / Allucquére Rosanne Stone -- Reactivation : performance, mediatization, and the present moment / Philip Auslander -- Moving audiences : strategies of exposure in the work of Gob Squad / Patrick Primavesi -- How to kidnap your audiences : an interview with Matt Adams from Blast Theory / Maria Chatzichristodoulou (aka Maria X) with response from Gabriella Giannachi -- The tendency to trans- : the political aesthetics of the biogrammatic zone / Sher Doruff -- Guillermo Gómez-Peña : ethno-techno politics / Lorena Rivero de Beer and Guillermo Gómez-Peña -- Performative science in an age of specialisation : the case of critical art ensemble / Nicola Triscott -- Affective connection / Bojana Kunst -- Love at first byte / Melinda Rackham. 0aTechnology and the arts. 0aPerforming artsxTechnological innovations.1 aChatzichristodoulou, Maria.1 aJefferies, Janis.1 aZerihan, Rachel.